Entry Personal Name
Number of records used in: 1
001 - CONTROL NUMBER
003 - CONTROL NUMBER IDENTIFIER
005 - DATE AND TIME OF LATEST TRANSACTION
- control field:
20220106145059.0
008 - FIXED-LENGTH DATA ELEMENTS
- fixed length control field:
000228n| acannaabn |n aaa
010 ## - LIBRARY OF CONGRESS CONTROL NUMBER
- LC control number:
n 00085181
040 ## - CATALOGING SOURCE
- Original cataloging agency:
DLC
- Language of cataloging:
eng
- Transcribing agency:
DLC
100 1# - HEADING--PERSONAL NAME
- Personal name:
Harris, Howard A.
670 ## - SOURCE DATA FOUND
- Source citation:
Lee, Henry C. Physical evidence in forensic science, 2000:
- Information found:
CIP t.p. (Howard A. Harris)